000 00444nam a22001457a 4500
003 macl
005 20180415153139.0
008 180415b xxu||||| |||| 00| 0 eng d
040 _cmacl
100 _aराजकिशोर राजन
_972049
245 _aढील हेरती लड़की
260 _aदिल्‍ली
_bशुभदा प्रकाशन
_c2016
650 _aकविता
_972050
942 _2ddc
_cHIN
999 _c57738
_d57738